UM Logo

One man's vision: (Record no. 1253)

MARC details
000 -LEADER
fixed length control field 00675nam a22001817a 4500
008 - FIXED-LENGTH DATA ELEMENTS--GENERAL INFORMATION
fixed length control field 160311b xxu||||| |||| 00| 0 eng d
020 ## - INTERNATIONAL STANDARD BOOK NUMBER
International Standard Book Number 978-971-995982-0-6
082 ## - DEWEY DECIMAL CLASSIFICATION NUMBER
Edition number 2014
Classification number DFil 378.009
Item number Sa5o
100 ## - MAIN ENTRY--PERSONAL NAME
9 (RLIN) 3610
Personal name San Pedro, Josefina C.
245 ## - TITLE STATEMENT
Title One man's vision:
Remainder of title Guillermo E. Torres/
Statement of responsibility, etc. Josefina C. San Pedro and Ronnie V. Amorado.
250 ## - EDITION STATEMENT
Edition statement Centennial Edition
260 ## - PUBLICATION, DISTRIBUTION, ETC. (IMPRINT)
Place of publication, distribution, etc. Davao City:
Name of publisher, distributor, etc. CSL Printing Press Corp.
Date of publication, distribution, etc. ©2014.
300 ## - PHYSICAL DESCRIPTION
Extent xvii, 272 pages:
Other physical details illustrations (some colored)
Dimensions 26 cm.
650 #0 - SUBJECT ADDED ENTRY--TOPICAL TERM
9 (RLIN) 3616
Topical term or geographic name as entry element Torres, Guillermo E.
650 #0 - SUBJECT ADDED ENTRY--TOPICAL TERM
9 (RLIN) 3617
Topical term or geographic name as entry element University of Mindanao
General subdivision History
Geographic subdivision Davao City.
700 ## - ADDED ENTRY--PERSONAL NAME
9 (RLIN) 3620
Personal name Amorado, Ronnie V.
942 ## - ADDED ENTRY ELEMENTS (KOHA)
Source of classification or shelving scheme Dewey Decimal Classification
Koha item type Filipiniana
Holdings
Withdrawn status Lost status Source of classification or shelving scheme Damaged status Not for loan Collection code Home library Current library Date acquired Source of acquisition Total Checkouts Full call number Barcode Date last seen Copy number Price effective from Koha item type
    Dewey Decimal Classification     Filipiniana UM Digos College - LIC UM Digos College - LIC 08/04/2014 Donation   DFil 378.009 Sa5o 2014 22304 05/15/2025 2 03/11/2016 Filipiniana
    Dewey Decimal Classification     Filipiniana UM Digos College - LIC UM Digos College - LIC 08/04/2014 Donation   DFil 378.009 Sa5o 2014 22305 05/15/2025 3 03/11/2016 Filipiniana
    Dewey Decimal Classification     Filipiniana UM Digos College - LIC UM Digos College - LIC 08/04/2014 Donation   DFil 378.009 Sa5o 2014 22303 05/15/2025 1 03/11/2016 Filipiniana
    Dewey Decimal Classification     Filipiniana UM Digos College - LIC UM Digos College - LIC 08/04/2014 Donation   DFil 378.009 Sa5o 2014 22307 05/15/2025 5 03/11/2016 Filipiniana
    Dewey Decimal Classification     Filipiniana UM Digos College - LIC UM Digos College - LIC 08/04/2014 Donation   DFil 378.009 Sa5o 2014 22306 05/15/2025 4 03/11/2016 Filipiniana